000 00712nam a2200241 a 4500
001 36044
003 BD-RjUL
005 20211209052425.0
008 170103s1959 nyu 001 0 eng
035 _a(BD-RjUL)36141
040 _aDLC
_cWSU
_dBD-RjUL
_beng
041 _aeng
082 0 0 _a320.938
_bBAP 1959
_223
100 1 _aBarker, Ernest
_95429
245 1 4 _aThe political thought of Plato and Aristotle /
_cErnest Barker
260 _aNew York :
_bRussell & Russell,
_c1959.
300 _axxii, 559 p. ;
_c24 cm.
500 _aIncludes index
600 0 0 _aPlato.
_xRepublic.
_9181259
600 0 0 _aAristotle.
_xPolitics.
_9181260
650 0 _aPolitical science
_zGreece
_xHistory
_955252
942 _2ddc
_cBK
999 _c36044
_d36044